000 01349cam a22003254a 4500
001 14992150
003 OSt
005 20230923134416.0
008 070904s2008 nyua b 001 0 eng
010 _a 2007936614
020 _a9780387313122 (hardcover : alk. paper)
020 _a9780387688053 (eISBN)
040 _aDLC
_cDLC
_dDLC
041 1 _aeng
_hger
050 0 0 _aQA379
_b.S7413 2008
082 _a515.35
_bSTE/N
100 1 _aSteinbach, Olaf,
_d1967-
_99571
240 1 0 _aNumerische Näherungsverfahren für elliptische Randwertprobleme.
_lEnglish
245 1 0 _aNumerical approximation methods for elliptic boundary value problems :
_bfinite and boundary elements /
_cOlaf Steinbach.
260 _aNew York :
_bSpringer,
_cc2008.
300 _axii, 386 p. :
_bill. ;
_c24 cm.
504 _aIncludes bibliographical references (p. [375]-382) and index.
650 0 _aBoundary value problems
_xNumerical solutions.
650 0 _aFinite element method.
650 0 _aBoundary element methods.
856 4 1 _3Table of contents
_uhttp://www.loc.gov/catdir/toc/fy0804/2007936614.html
906 _a7
_bcbc
_corignew
_d2
_eepcn
_f20
_gy-gencatlg
942 _2ddc
_cBK
_h515.35
_iSTE/N
_k515.35
_mSTE/N
999 _c42332
_d42332